000 00380nam a2200145Ia 4500
008 230917s9999||||xx |||||||||||||| ||und||
040 _e41623
_aMAIN
041 _aEnglish
082 _a810.9 T997H
100 _aTyler, Moses Coit
245 0 _aHistory of American literature 1609-1783
260 _aChicago
_bUniversity of Chicago
_c1967
300 _axxii, 357 p.
942 _cBK
999 _c63042
_d63042